000 00536cam a22001814a 4500
005 20250605164103.0
008 250528s ||||||||||||||||||||||||d
035 _a17630
020 _a9789604646210
040 _aGR-AtMCL
_bgre
_dGR-AtMCL
_eAACR2
245 1 _aΒρετανικό Μουσείο / Ελληνικοί Θησαυροί στον Κόσμο
260 _bΜίλητος,
_c2014
300 _a120
700 1 _aΧατζηγεωργίου Νίκος Κομν
_93824
942 _cBK
999 _c3032
_d3032